000 00430nam a2200181Ia 4500
003 GCL
008 140319s9999 xx 000 0 eng d
040 _aGCL /
_cGCL
082 0 4 _a709.38
_bB G
100 1 _aARTAUD, ANTONIN
245 1 0 _aGREEK ART /
_cARTAUD, ANTONIN
700 1 _aGREEK ART
260 _a[S.N] :
_bTHAMES AND HUDSON ،
_c1994
300 _a252
650 0 4 _aARTS
650 0 4 _aART, GREEK
942 _2ddc
_cBK
999 _c25361
_d25361